All Minecraft Mobs - Statistics

General Stats
  • This quiz has been taken 28 times
  • The average score is 66 of 81
Answer Stats
Answer % Correct
Iron Golem
100%
Pig
100%
Piglin
100%
Sheep
100%
Villager
100%
Wither
100%
Zombie
100%
Armadillo
94%
Blaze
94%
Cow
94%
Creeper
94%
Donkey
94%
Enderman
94%
Ghast
94%
Hoglin
94%
Horse
94%
Llama
94%
Salmon
94%
Skeleton
94%
Wither Skeleton
94%
Zombified Piglin
94%
Axolotl
88%
Cat
88%
Chicken
88%
Endermite
88%
Happy Ghast
88%
Ocelot
88%
Pillager
88%
Rabbit
88%
Sniffer
88%
Stray
88%
Tropical Fish
88%
Vex
88%
Vindicator
88%
Wolf
88%
Bee
81%
Camel
81%
Cave Spider
81%
Cod
81%
Drowned
81%
Ender Dragon
81%
Frog
81%
Goat
81%
Husk
81%
Piglin Brute
81%
Shulker
81%
Snow Golem
81%
Spider
81%
Squid
81%
Witch
81%
Zoglin
81%
Allay
75%
Bat
75%
Breeze
75%
Dolphin
75%
Fox
75%
Glow Squid
75%
Magma Cube
75%
Mule
75%
Parrot
75%
Phantom
75%
Pufferfish
75%
Ravager
75%
Skeleton Horse
75%
Slime
75%
Strider
75%
Warden
75%
Zombie Villager
75%
Bogged
69%
Evoker
69%
Mooshroom
69%
Panda
69%
Polar Bear
69%
Elder Guardian
63%
Wandering Trader
63%
Guardian
56%
Turtle
50%
Creaking
44%
Silverfish
44%
Tadpole
44%
Trader Llama
44%
No matching quizzes found
Score Distribution
Percent of People with Each Score
Percentile by Number Answered
Your Score History
You have not taken this quiz